| 000 | 00852nam a2200277 i 4500 | ||
|---|---|---|---|
| 001 | 5964 | ||
| 003 | ES-MaACL | ||
| 005 | 20250815103157.0 | ||
| 008 | 890619s1987 sp ||||1| spa d | ||
| 020 | _a84-7432-275-8 | ||
| 080 | _a001:1 | ||
| 080 | _a1:001 | ||
| 100 | 1 |
_aGeymonat, Ludovico. _956545 |
|
| 245 | 1 | 0 |
_aLímites actuales de la filosofía de la ciencia / _cLudovico Geymonat. |
| 250 | _a1ª ed. | ||
| 260 |
_aBarcelona : _bGedisa, _c1987. |
||
| 300 |
_a181 p. ; _c23 cm. |
||
| 490 | 1 | _aLímites de la ciencia | |
| 500 | _aÍndices. | ||
| 504 | _aBibliografía comentada por Fabio Minazzi: p. 145-173. | ||
| 504 | _aBibliografía en español: p. 175-177. | ||
| 650 | 4 |
_aCiencia- _xFilosofía. _910950 |
|
| 830 | 1 | 0 |
_aLímites de la ciencia (Gedisa) _9184279 |
| 852 | 4 |
_aES-MaACL _jL-13083 |
|
| 999 |
_c5964 _d5964 |
||